Datum a čas kvízu
27
Celkem bodů
Celkový počet nahraných bodů na tomto kvízu bez doplňovacích otázek.
11.
Pořadí na kvízu
Konečné umístění týmu na tomto kvízu.
Zaznamenané odpovědi
| # | Otázka | Odpověď | Body | Výsledky |
|---|---|---|---|---|
| 1. | Do České republiky v pondělí z... | Mosambik | 1 | |
| 2. | Která země letos pořádala svět... | Jižní Korea | 1 | |
| 3. | Ve čtvrtek mělo v českých kine... | Gran Turismo, Orlando Bloom | 0.5 | |
| 4. | Která země v pátek vyslala smě... | Rusko | 1 | |
| 5. | Tuzemský fotbalový pohár minul... | z Prostějova | 0 | |
| 6. | Tentokrát se podíváme na různá... | 1A 2C 3D 4B | 0 | |
| 7. | Doplňte město do názvu dobrodr... | York, Daniel Defoe | 0 | |
| 8. | Mistr napětí Stephen King má v... | Salem, Dallas | 0.5 | |
| 9. | Poslední dvě otázky tohoto tém... | Paul Gauguin, Tahiťanky | 0.5 | |
| 10. | Zde vidíme druhý obraz monumen... | Rujána | 1 |